000 01406cam a2200265 4500
001 ABS65848
008 020828n2002 000 0 eng u
035 _a(Sirsi) u119457
100 _aGreenish, D.
245 _aTenants gain a collective voice
260 _c2002
490 _aEstates Gazette
_v(0228) 13 July 2002, 120-122(2)
520 _aThe first of two articles examines the changes brought about by the Commonhold and Leasehold Reform Act 2002. Explains that the government wants to make it easier for leaseholders to buy their freeholds. This will be achieved by the abolition of the residency test and low-rent test. With the right to enfranchise collectively extending to buildings that have up to 25% of their parts as non-residential instead of the present 10% there will be a rise of additional part-commercial buildings within the enfranchisement net. There will also be changes to valuation proceedures with a fixed valuation date as at the date of a claim, and the share of marriage value be set at 50:50.
590 _aABS
650 _aCOMMONHOLD AND LEASEHOLD REFORM ACT 2002
650 _aLEASEHOLDERS
650 _aFREEHOLDS
650 _aENFRANCHISEMENT
650 _aHOUSING ACT 1996
650 _aHOUSING AND URBAN DEVELOPMENT ACT 1993
650 _aVALUATION DATE
650 _aMARRIAGE VALUE
690 _aLANDLORD AND TENANT-LEASEHOLD REFORM
942 _n0
999 _c71022
_d71022